Tamil - Statistics

General Stats
  • This quiz has been taken 106 times
    94 since last reset
  • The average score is 16 of 18
Answer Stats
Hint Answer % Correct
Singapore சிங்கப்பூர்
98%
Bengaluru பெங்களூரு
96%
Taj Mahal டாஜ் மஹால்
96%
Door கதவு
95%
Tamil தமிழ்
95%
Dad அப்பா
95%
A
95%
aa
95%
America அமெரிக்கா
94%
Ten பத்து
93%
Rupee ரூபை
91%
Brother அன்னா
91%
Boy பய்யன்
88%
God சாமி
88%
Sweet இனிய
85%
Twenty அறுபது
84%
Kilometres கிமீ
74%
Dam கல்லணை
73%
No matching quizzes found
Score Distribution
Percent of People with Each Score
Percentile by Number Answered
Your Score History
You have not taken this quiz since the last reset